000 00299nam a2200145 a 4500
003 DLC
005 20210219152738.0
022 _a0009-4560
035 _aUPN01000059735
245 0 0 _aCHINESE EDUCATION
260 _aChina
_bM.E. Sharpe
310 _aTrimestral
653 _aCHINA
905 _aRevista
999 _c59648
_d59648